[Event "FRA-chT U20 0203"]
[Site "Clichy"]
[Date "2003.05.04"]
[Round "11.9"]
[White "Fischer, Laure"]
[Black "Cabanes, Kim"]
[Result "0-1"]
[WhiteElo "1009"]
[BlackElo "1550"]
[PlyCount "60"]
[EventDate "2002.12.??"]
[EventType "team"]
[EventRounds "11"]
[EventCountry "FRA"]
[SourceTitle "EXT 2004"]
[Source "ChessBase"]
[SourceDate "2003.11.25"]
[SourceVersion "1"]
[SourceVersionDate "2003.11.25"]
[SourceQuality "1"]
[WhiteTeam "Mulhouse"]
[BlackTeam "Pau"]
[WhiteTeamCountry "FRA"]
[BlackTeamCountry "FRA"]

1. e4 c6 2. d4 d5 3. Nc3 dxe4 4. Nxe4 Bf5 5. Ng3 Bg6 6. Nf3 Nf6 7. Bc4 e6 8. Bg5 Be7 9. 0-0 0-0 10. Ne5 Nbd7 11. Nxg6 hxg6 12. Qd2 Nd5 13. Bxe7 Qxe7 14. Bxd5 cxd5 15. Qf4 Rac8 16. c3 Rfd8 17. Rfe1 Nb6 18. Rac1 Rc7 19. b3 Rdc8 20. Qe3 Qa3 21. Qe5 Qxa2 22. Rb1 Rxc3 23. Rbd1 Qxb3 24. Re3 Rxe3 25. Qxe3 Qxd1+ 26. Nf1 Rc1 27. h3 Qxf1+ 28. Kh2 Qh1+ 29. Kg3 Qe1 30. Qxe1 Rxe1 0-1

[Event "FRA-chT U20 0203"]
[Site "Clichy"]
[Date "2003.05.03"]
[Round "10.9"]
[White "Coriat, Adrien"]
[Black "Fischer, Laure"]
[Result "1-0"]
[WhiteElo "1310"]
[BlackElo "1009"]
[PlyCount "57"]
[EventDate "2002.12.??"]
[EventType "team"]
[EventRounds "11"]
[EventCountry "FRA"]
[SourceTitle "EXT 2004"]
[Source "ChessBase"]
[SourceDate "2003.11.25"]
[SourceVersion "1"]
[SourceVersionDate "2003.11.25"]
[SourceQuality "1"]
[WhiteTeam "Clichy"]
[BlackTeam "Mulhouse"]
[WhiteTeamCountry "FRA"]
[BlackTeamCountry "FRA"]

1. e4 e5 2. Nc3 Nf6 3. f4 d6 4. Nf3 Bg4 5. Be2 Nc6 6. 0-0 Be7 7. fxe5 dxe5 8. d3 0-0 9. Nh4 Bxe2 10. Qxe2 Qd7 11. Nf5 g6 12. Nxe7+ Qxe7 13. Bg5 Qe6 14. Bxf6 Nd4 15. Qd2 Qg4 16. Qh6 Ne6 17. Nb5 Rac8 18. d4 b6 19. d5 Qh5 20. Qxh5 gxh5 21. dxe6 fxe6 22. Bxe5 Rxf1+ 23. Rxf1 Rf8 24. Nxc7 Rxf1+ 25. Kxf1 Kf7 26. Ke2 Ke7 27. h4 Kd7 28. Ke3 a5 29. a3 1-0

[Event "FRA-chT U20 0203"]
[Site "Clichy"]
[Date "2003.05.??"]
[Round "8.7"]
[White "Fischer, Laure"]
[Black "Abidian, Thibault"]
[Result "0-1"]
[WhiteElo "1009"]
[BlackElo "1160"]
[PlyCount "112"]
[EventDate "2002.12.??"]
[EventType "team"]
[EventRounds "11"]
[EventCountry "FRA"]
[SourceTitle "EXT 2004"]
[Source "ChessBase"]
[SourceDate "2003.11.25"]
[SourceVersion "1"]
[SourceVersionDate "2003.11.25"]
[SourceQuality "1"]
[WhiteTeam "Mulhouse"]
[BlackTeam "Avignon"]
[WhiteTeamCountry "FRA"]
[BlackTeamCountry "FRA"]

1. e4 c5 2. Nf3 d6 3. Bc4 Nf6 4. Nc3 g6 5. d3 Bg7 6. Bg5 Nc6 7. 0-0 0-0 8. h3 Bd7 9. a3 Nd4 10. Nxd4 cxd4 11. Nd5 Nxd5 12. Bxd5 Bc6 13. Bc4 Qb6 14. Rb1 Bb5 15. Bxb5 Qxb5 16. Qd2 Rfe8 17. c3 dxc3 18. bxc3 Qc6 19. Bh6 Bxc3 20. Qe3 Bh8 21. d4 Qa4 22. d5 Qd4 23. Qxd4 Bxd4 24. Rxb7 Rab8 25. Rxa7 Bxa7 26. Rc1 Rec8 27. Rxc8+ Rxc8 28. g4 Rc3 29. Kg2 Rxa3 30. f4 Bd4 31. f5 Bg7 32. Bxg7 Kxg7 33. fxg6 Kxg6 34. h4 h5 35. gxh5+ Kxh5 36. Kf2 Kxh4 37. Ke2 Kg5 38. Kd2 Kf4 39. Kc2 Kxe4 40. Kb2 Rh3 41. Kc2 Kxd5 42. Kd1 Rh2 43. Ke1 e5 44. Kf1 e4 45. Ke1 e3 46. Kf1 Ra2 47. Ke1 e2 48. Kf2 Kd4 49. Ke1 Kd3 50. Kf2 Kd2 51. Kf3 e1Q 52. Kf4 Qe3+ 53. Kf5 Ra5+ 54. Kf6 Qe6+ 55. Kg7 Ra7 56. Kf8 d5 0-1